000 00595nam a22001697a 4500
999 _c60851
_d60851
005 20231110104843.0
008 231110s1978 ru ||||| |||| 00| 0 rus d
041 _arus
080 _a726 Г-71
100 _aГоряинов, В. В.
_920313
245 _aПадуя. Виченца. Верона /
_cВ. В. Горяинов.
264 _aМосква :
_bИскусство,
_c1978.
300 _a182 с. :
_bил. ;
_c16 см
440 _aГорода и музеи мира
_920091
653 _aპადუა. ვიჩენცა. ვერონა
942 _2udc
_cᲬᲘᲒᲜᲘ